| 000 | 01118 a2200253 4500 | ||
|---|---|---|---|
| 001 | 53087 | ||
| 005 | 20260407155804.0 | ||
| 008 | 260407a1981 arg spa d | ||
| 003 | AR-UNSa-BCEJYS | ||
| 040 |
_aAR-UNSa-BCEJYS _bspa _cAR-UNSa-BCEJYS |
||
| 080 |
_a330 _xEconomía en general |
||
| 245 | 1 | 0 |
_aIntroducción a la economía _puna guía para todos (o casi)) |
| 020 | _a84-7423-098-5 | ||
| 250 | _a3a. ed. | ||
| 264 | 1 |
_aBarcelona : _bCrítica _c1981 |
|
| 300 |
_a234 p. _c20 cm. |
||
| 505 | _a1. ¿Qué es la economía? - 2. Los sistemas económicos - 3. ¿Qué ha sucedido con el mercado? - 4. La gran empresa moderna - 5. De nacionalizaciones y multinacionales - 6. La moneda y la política monetaria - 7. ¿Qué es la política fiscal? - 8. ¿Qué hacer? - 9. La escena internacional - 10. El crecimiento,el poder y la política del mercado | ||
| 041 | _aspa | ||
| 942 | _cBK | ||
| 590 | _aniveau_biblio:m niveau_hierar:0 | ||
| 100 | 1 | _aGalbraith, John Kenneth | |
| 700 | 1 | _aSalinger, Nicole | |
| 856 | 4 | 1 |
_uhttps://www.biblioeco.unsa.edu.ar/pmb/images/libros/L128299.jpg _yImagen de portada _qimage/jpeg |
| 999 |
_c5074 _d5074 |
||